[Event "1st League CS 2011"]
[Site "Kraljevo"]
[Date "2011.09.25"]
[Round "11.1"]
[White "Radovanovic, Jovica"]
[Black "Arsovic, Zoran"]
[Result "0-1"]
[WhiteElo "2320"]
[BlackElo "2444"]
[PlyCount "90"]
[EventDate "2011.09.17"]

1. c4 Nf6 2. g3 g6 3. Bg2 c5 4. Nc3 Nc6 5. e3 Bg7 6. Nge2 O-O 7. O-O d6 8. b3
a6 9. Bb2 Bg4 10. h3 Bd7 11. d4 Rb8 12. dxc5 dxc5 13. Na4 b6 14. Nf4 e6 15. Qe2
Qe7 16. Rac1 Rfd8 17. Rfd1 Be8 18. Rxd8 Qxd8 19. Rd1 Qe7 20. Nd3 e5 21. Nc3 b5
22. Nd5 Nxd5 23. cxd5 Nd8 24. Rc1 Nb7 25. e4 b4 26. Qe3 a5 27. Nxc5 Nd6 28. Kh2
h5 29. Nd3 Bb5 30. a4 bxa3 31. Bxa3 h4 32. Rc3 hxg3+ 33. fxg3 Bf8 34. h4 Qf6
35. Bb2 a4 36. bxa4 Bxd3 37. Ba1 Rb1 38. Qxd3 Rxa1 39. Qc2 Qd8 40. Rc6 Qb8 41.
h5 gxh5 42. Qc3 Qb1 43. Qe3 f6 44. Qe2 Ra2 45. Qxh5 Qxe4 0-1

[Event "1st League CS 2011"]
[Site "Kraljevo"]
[Date "2011.09.25"]
[Round "11.1"]
[White "Misojcic, Miroslav"]
[Black "Martinovic, Slobodan"]
[Result "1/2-1/2"]
[WhiteElo "2242"]
[BlackElo "2436"]
[PlyCount "36"]
[EventDate "2011.09.17"]

1. d4 Nf6 2. c4 c5 3. d5 e5 4. Nc3 d6 5. e4 Nbd7 6. Nf3 a6 7. Be2 Be7 8. O-O h5
9. Ne1 h4 10. a4 g6 11. Nd3 Nh5 12. Be3 Bg5 13. Qd2 Bxe3 14. Qxe3 Qf6 15. Bxh5
Rxh5 16. a5 Qg5 17. Qxg5 Rxg5 18. Rfb1 f5 1/2-1/2

[Event "1st League CS 2011"]
[Site "Kraljevo"]
[Date "2011.09.25"]
[Round "11.1"]
[White "Arsovic, Goran"]
[Black "Lazic, Zeljko"]
[Result "1-0"]
[WhiteElo "2409"]
[BlackElo "2211"]
[PlyCount "99"]
[EventDate "2011.09.17"]

1. d4 g6 2. Nf3 Bg7 3. c4 c5 4. e4 cxd4 5. Nxd4 Nc6 6. Be3 Nf6 7. Nc3 Ng4 8.
Qxg4 Nxd4 9. Qd1 Ne6 10. Qd2 Qa5 11. Rc1 Nc5 12. f3 d6 13. Nd5 Qd8 14. Bg5 f6
15. Bf4 e5 16. Be3 O-O 17. Be2 Ne6 18. O-O f5 19. exf5 gxf5 20. Rfe1 f4 21. Bf2
Ng5 22. Bd3 Kh8 23. Kh1 Be6 24. b3 b6 25. Nc3 Qe8 26. Ne4 Qh5 27. Nxg5 Qxg5 28.
Be4 Rad8 29. Re2 Rd7 30. Bc6 Rdd8 31. Rd1 Bf6 32. Bd5 Bf5 33. a4 Rd7 34. Bg1
Rg7 35. Be4 Bc8 36. a5 bxa5 37. Qxa5 Bd8 38. Qe1 Qf6 39. b4 Bb6 40. Bxb6 axb6
41. Qg1 Qd8 42. c5 bxc5 43. bxc5 Rf6 44. Red2 Bh3 45. Qf1 Bf5 46. Bxf5 Rxf5 47.
Rxd6 Qe7 48. c6 Rfg5 49. Rd7 Qc5 50. Rc1 1-0

[Event "1st League CS 2011"]
[Site "Kraljevo"]
[Date "2011.09.25"]
[Round "11.1"]
[White "Misic, Dragan"]
[Black "Simonovic, Aleksandar"]
[Result "1/2-1/2"]
[WhiteElo "2291"]
[BlackElo "2401"]
[PlyCount "39"]
[EventDate "2011.09.17"]

1. d4 Nf6 2. Nf3 d5 3. c4 e6 4. cxd5 exd5 5. Nc3 c6 6. Bg5 Be7 7. e3 Bf5 8. Be2
Nbd7 9. O-O O-O 10. Re1 Re8 11. Rc1 Bd6 12. Qb3 Qb6 13. Nd2 h6 14. Bh4 Ne4 15.
Ncxe4 Bxe4 16. Bg4 Nf8 17. Nxe4 Rxe4 18. Qxb6 axb6 19. f3 Ree8 20. a3 1/2-1/2

[Event "1st League CS 2011"]
[Site "Kraljevo"]
[Date "2011.09.25"]
[Round "11.2"]
[White "Misailovic, Nebojsa"]
[Black "Mista, Aleksander"]
[Result "1/2-1/2"]
[WhiteElo "2301"]
[BlackElo "2561"]
[PlyCount "107"]
[EventDate "2011.09.17"]

1. e4 e5 2. Nf3 Nc6 3. Bb5 a6 4. Ba4 Nge7 5. O-O g6 6. c3 Bg7 7. d4 exd4 8.
cxd4 b5 9. Bb3 d6 10. h3 O-O 11. a4 b4 12. a5 Rb8 13. Be3 Rb5 14. Ba4 Rh5 15.
Nbd2 Nxa5 16. Qc2 f5 17. Nb3 fxe4 18. Nfd2 d5 19. Nxa5 Bxh3 20. Rfc1 Nf5 21.
Qxc7 Rg5 22. Qxd8 Rxg2+ 23. Kh1 Rxd8 24. Nf1 Bf8 25. Nb7 Nh4 26. Nh2 Rd6 27.
Rg1 Rb6 28. Nc5 Rf6 29. Rxg2 Nxg2 30. Bb3 Nxe3 31. fxe3 Rf5 32. Nxe4 Kg7 33.
Ng3 Rg5 34. Rg1 Bd6 35. Ne2 Rf5 36. Ng3 Rg5 37. Ngf1 Rf5 38. Nd2 Rh5 39. Ndf3
a5 40. Rg5 Rxg5 41. Nxg5 Bf5 42. Bxd5 Bc2 43. e4 b3 44. Ne6+ Kf6 45. e5+ Bxe5
46. Ng4+ Kf5 47. Nxe5 Be4+ 48. Bxe4+ Kxe4 49. Nd3 a4 50. Nc1 a3 51. Nc5+ Kd5
52. Na4 axb2 53. Nxb2 Kxd4 54. Nxb3+ 1/2-1/2

[Event "1st League CS 2011"]
[Site "Kraljevo"]
[Date "2011.09.25"]
[Round "11.2"]
[White "Nestorovic, Nikola"]
[Black "Pavlovic, Dejan S"]
[Result "1/2-1/2"]
[WhiteElo "2464"]
[BlackElo "2430"]
[PlyCount "135"]
[EventDate "2011.09.17"]

1. e4 c5 2. Nf3 Nc6 3. d4 cxd4 4. Nxd4 e5 5. Nb5 d6 6. c4 Be7 7. N1c3 a6 8. Na3
f5 9. exf5 Bxf5 10. Bd3 Be6 11. Nc2 Nf6 12. O-O O-O 13. b3 Qd7 14. Ba3 Kh8 15.
Ne4 Rac8 16. Qe2 Ng4 17. Rad1 Rf4 18. Bc1 Rff8 19. Bb2 Rf4 20. f3 Nh6 21. Ne3
Rff8 22. Bb1 Qc7 23. Kh1 Nf5 24. Nxf5 Bxf5 25. Rd2 Rcd8 26. Nc3 Bg5 27. Rdd1
Be6 28. Nd5 Qf7 29. Be4 Qh5 30. Qd3 Bxd5 31. cxd5 Bf4 32. h3 Qh4 33. Bc1 Nd4
34. Bxf4 Rxf4 35. Rc1 Rdf8 36. Qe3 g6 37. Qe1 Qg5 38. Rc7 R4f7 39. Qc1 Qd8 40.
Rxf7 Rxf7 41. Qe3 Kg7 42. Qd2 b5 43. Kh2 a5 44. Rc1 b4 45. Rc4 Rc7 46. Rxc7+
Qxc7 47. f4 Qe7 48. Qf2 exf4 49. Qxf4 Nb5 50. Qg4 Qe5+ 51. g3 Nc3 52. Qd7+ Kf6
53. Qd8+ Kg7 54. Bf3 Qf6 55. Qd7+ Qf7 56. Qg4 h5 57. Qd4+ Kh6 58. Qd3 Kg7 59.
Kg2 Nxa2 60. Qd4+ Qf6 61. Qa7+ Kh6 62. h4 Qb2+ 63. Kh3 Qxb3 64. Qb8 Qc3 65.
Qf8+ Kh7 66. Qe7+ Kh6 67. Qf8+ Kh7 68. Qe7+ 1/2-1/2

[Event "1st League CS 2011"]
[Site "Kraljevo"]
[Date "2011.09.25"]
[Round "11.2"]
[White "Ratkovic, Milovan"]
[Black "Todorovic, Jovan"]
[Result "1-0"]
[WhiteElo "2177"]
[BlackElo "2420"]
[PlyCount "81"]
[EventDate "2011.09.17"]

1. d4 Nf6 2. Nf3 g6 3. Nc3 Bg7 4. e4 d6 5. Bg5 O-O 6. Qd2 c6 7. Bh6 b5 8. Bd3
Bb7 9. h4 b4 10. Ne2 c5 11. h5 Bh8 12. hxg6 hxg6 13. Bxf8 Qxf8 14. e5 dxe5 15.
dxe5 Ne8 16. Qg5 Nc6 17. Nf4 Qg7 18. e6 Nd6 19. exf7+ Nxf7 20. Bc4 Nce5 21.
Nxe5 Qxe5+ 22. Qxe5 Bxe5 23. Nxg6 Bxb2 24. Rd1 Kg7 25. Nf4 Nd6 26. Bd5 Bc3+ 27.
Kf1 Ba6+ 28. Kg1 Rc8 29. Be6 Rf8 30. Rh4 Bd4 31. Rg4+ Kh7 32. g3 Rf6 33. Rh4+
Rh6 34. Bg8+ Kxg8 35. Rxh6 Bc4 36. Ne6 Nf7 37. Rg6+ Kh7 38. Nf8+ Kh8 39. Kg2
Bd5+ 40. f3 Bxf3+ 41. Kxf3 1-0

[Event "1st League CS 2011"]
[Site "Kraljevo"]
[Date "2011.09.25"]
[Round "11.3"]
[White "Brankovic, Dejan"]
[Black "Prelevic, Dusko"]
[Result "1/2-1/2"]
[WhiteElo "2341"]
[BlackElo "2311"]
[PlyCount "23"]
[EventDate "2011.09.17"]

1. g3 Nf6 2. Bg2 g6 3. Nf3 Bg7 4. d3 O-O 5. O-O d5 6. Nbd2 c5 7. e4 e6 8. c3
Nc6 9. Re1 b6 10. h3 Bb7 11. Qe2 Qc7 12. Nf1 1/2-1/2

[Event "1st League CS 2011"]
[Site "Kraljevo"]
[Date "2011.09.25"]
[Round "11.3"]
[White "Dudukovic, Nikola"]
[Black "Cvetanovic, Uros"]
[Result "1/2-1/2"]
[WhiteElo "2252"]
[BlackElo "2236"]
[PlyCount "30"]
[EventDate "2011.09.17"]

1. Nf3 b6 2. g3 Bb7 3. Bg2 e5 4. d3 f5 5. O-O d6 6. c4 Nf6 7. Nc3 Be7 8. Bg5
O-O 9. Qc2 Nc6 10. Bxf6 Bxf6 11. Nd5 g5 12. e3 a5 13. Qa4 Nb8 14. Nd2 c6 15.
Nxf6+ Qxf6 1/2-1/2

[Event "1st League CS 2011"]
[Site "Kraljevo"]
[Date "2011.09.25"]
[Round "11.4"]
[White "Vratonjic, Slobo"]
[Black "Milanovic, Slavisa"]
[Result "1/2-1/2"]
[WhiteElo "2396"]
[BlackElo "2411"]
[PlyCount "41"]
[EventDate "2011.09.17"]

1. e4 e6 2. d4 d5 3. Nc3 Bb4 4. e5 c5 5. a3 Ba5 6. b4 cxd4 7. Nb5 Bc7 8. f4 Bd7
9. Nxc7+ Qxc7 10. Nf3 Ne7 11. Bd3 Nbc6 12. O-O g6 13. Bb2 a6 14. Qd2 Nf5 15.
Rfe1 h5 16. a4 Qb6 17. b5 Na5 18. Bxf5 Nc4 19. Qxd4 Qxd4+ 20. Bxd4 gxf5 21.
Reb1 1/2-1/2

[Event "1st League CS 2011"]
[Site "Kraljevo"]
[Date "2011.09.25"]
[Round "11.4"]
[White "Nikolic, Dragovan"]
[Black "Kojovic, Dragan"]
[Result "0-1"]
[WhiteElo "2262"]
[BlackElo "2367"]
[PlyCount "74"]
[EventDate "2011.09.17"]

1. c4 Nf6 2. g3 g6 3. Bg2 Bg7 4. Nc3 O-O 5. Nf3 d6 6. O-O e5 7. d3 Nc6 8. Rb1
a5 9. a3 h6 10. b4 axb4 11. axb4 Bg4 12. b5 Ne7 13. h3 Be6 14. e4 Nh5 15. Ne1
c6 16. Nc2 d5 17. bxc6 bxc6 18. cxd5 cxd5 19. Ba3 dxe4 20. dxe4 Qxd1 21. Rfxd1
Rfc8 22. Bxe7 Rxc3 23. Ne3 Bf8 24. Bxf8 Kxf8 25. Nd5 Rc2 26. g4 Nf4 27. Nxf4
exf4 28. Ra1 Rac8 29. Bf3 Kg7 30. e5 R8c5 31. Re1 g5 32. Kg2 R5c3 33. Ra5 Rb2
34. Re2 Rbb3 35. Be4 f3+ 36. Bxf3 Rxf3 37. Re4 Rxh3 0-1

[Event "1st League CS 2011"]
[Site "Kraljevo"]
[Date "2011.09.25"]
[Round "11.4"]
[White "Sredojevic, Ivan"]
[Black "Sorgic, Dragan"]
[Result "1-0"]
[WhiteElo "2426"]
[BlackElo "2242"]
[PlyCount "65"]
[EventDate "2011.09.17"]

1. e4 d6 2. d4 Nf6 3. Nc3 g6 4. Nf3 Bg7 5. h3 O-O 6. Be3 c6 7. a4 Nbd7 8. Qd2
e5 9. dxe5 dxe5 10. Bc4 Qe7 11. O-O Nc5 12. Bg5 Be6 13. Nxe5 Ncxe4 14. Nxe4
Nxe4 15. Bxe7 Nxd2 16. Bxf8 Bxe5 17. Bxe6 Nxf1 18. Bh6 fxe6 19. Kxf1 Bf6 20.
Be3 a6 21. Ke2 Rd8 22. c3 Kf7 23. Rb1 Rd7 24. Kf3 Ke7 25. Ke4 Rd5 26. c4 Ra5
27. b3 h5 28. g4 hxg4 29. hxg4 Re5+ 30. Kf3 b5 31. Bf4 Rc5 32. Rd1 Ke8 33. Be3
1-0

[Event "1st League CS 2011"]
[Site "Kraljevo"]
[Date "2011.09.25"]
[Round "11.6"]
[White "Djukic, Stevan"]
[Black "Djokic, Nenad"]
[Result "1-0"]
[WhiteElo "2226"]
[BlackElo "2362"]
[PlyCount "171"]
[EventDate "2011.09.17"]

1. d4 Nf6 2. c4 e6 3. Nc3 Bb4 4. Bd2 O-O 5. Nf3 b6 6. g3 Bb7 7. Bg2 d6 8. O-O
Nbd7 9. Qc2 Qe7 10. a3 Bxc3 11. Bxc3 Ne4 12. Rfd1 Nxc3 13. Qxc3 Nf6 14. b4 Rfd8
15. Nd2 c5 16. Bxb7 Qxb7 17. dxc5 dxc5 18. bxc5 bxc5 19. Rab1 Qc6 20. Qa5 h5
21. Nf3 Rdc8 22. Rb2 Qc7 23. Qxc7 Rxc7 24. Ne5 Kf8 25. a4 Ke7 26. a5 Ne8 27.
Rbd2 Nf6 28. Rd6 Rac8 29. f3 g5 30. h4 gxh4 31. gxh4 Kf8 32. a6 Ne8 33. R6d3
Nf6 34. Rb3 Kg7 35. Rb7 Ne8 36. Rd7 Rxd7 37. Nxd7 Nd6 38. Rxa7 Nxc4 39. Rb7 Rc6
40. a7 Ra6 41. Nxc5 Ra1+ 42. Kf2 Nd6 43. Rd7 Nb5 44. Nxe6+ Kf6 45. Nf4 Nxa7 46.
Nxh5+ Ke6 47. Rb7 Nc8 48. Ng3 Nd6 49. Rb8 f6 50. Rb6 Ke5 51. f4+ Kd5 52. Rb4 f5
53. Kf3 Ra3+ 54. e3 Ke6 55. Rb6 Kd5 56. Rxd6+ Kxd6 57. Nxf5+ Ke6 58. Ke4 Kf6
59. Nd4 Ra1 60. f5 Ra4 61. Kf4 Ra1 62. h5 Ra4 63. h6 Rc4 64. Kg4 Rc1 65. Kf4
Rc4 66. h7 Kg7 67. Ke5 Kxh7 68. e4 Kg7 69. Ne6+ Kf7 70. Ng5+ Ke7 71. f6+ Ke8
72. Ke6 Ra4 73. e5 Ra6+ 74. Kd5 Ra1 75. Ke6 Ra6+ 76. Kf5 Ra1 77. e6 Rf1+ 78.
Kg6 Rg1 79. Kh6 Rg2 80. Kg6 Rg1 81. Kf5 Rf1+ 82. Ke5 Re1+ 83. Ne4 Kf8 84. Kd5
Rd1+ 85. Kc6 Rc1+ 86. Kd7 1-0

[Event "1st League CS 2011"]
[Site "Kraljevo"]
[Date "2011.09.25"]
[Round "11.6"]
[White "Radusinovic, Lazar"]
[Black "Stankovic, Dejan"]
[Result "1/2-1/2"]
[WhiteElo "2308"]
[BlackElo "2281"]
[PlyCount "52"]
[EventDate "2011.09.17"]

1. d4 d5 2. c4 c6 3. Nc3 Nf6 4. cxd5 cxd5 5. Bf4 Nc6 6. e3 a6 7. Bd3 Bg4 8. f3
Bh5 9. Nge2 e6 10. O-O Bg6 11. Bg3 Be7 12. Rc1 O-O 13. Na4 Nd7 14. a3 Rc8 15.
b4 b5 16. Nb2 Nb6 17. Nf4 Nc4 18. Bxc4 dxc4 19. d5 Bf6 20. Nxc4 bxc4 21. Nxg6
hxg6 22. dxc6 Rxc6 23. Qa4 Qb6 24. Bf2 Qb5 25. Qc2 Rd8 26. Rfd1 Rxd1+ 1/2-1/2